000
00343nam a2200145Ia 4500
008
191206s9999 xx 000 0 und d
020
_a
702154636
090
_a
KTL511.J67
245
0
_a
Law of persons
250
_a
3rd ed.
260
_a
Juta
260
_c
c2000
300
_a
"xxix, 488 p. ; 25 cm."
999
_c
16338
_d
16338